000 01057nam a2200337 a 4500
001 vtls000164730
003 NLI
005 20210602103335.0
008 101125s1977 nyu 001 0 eng
020 _cUSD 10.95
039 9 _y201011251719
_zVLOAD
040 _aNLI
_beng
_cDatasoft 1
_eAACR2
041 0 _aeng
044 _anyu
082 0 4 _a301.4350973
100 1 _aFischer, David Hackett,
_d1935-
_9264331
245 1 0 _aGrowing old in America /
_cby David Hackett Fischer
260 _aNew York :
_bOxford University Press,
_c1977
300 _aviii, 242 p. ;
_c22 cm.
440 4 _aThe Bland-Lee lectures
_9319688
500 _aIncludes index
650 0 _aOld age
_xHistory
_9319689
650 0 _aOld age assistance
_zUnited States
_xHistory
_9319690
650 0 _aAging
_zUnited States
_xHistory
_9319691
650 0 _aOlder people
_zUnited States
_xHistory
_9319692
887 _a
901 _a436904
_b25.08.1977
902 _aE 301.4350973 F 522
942 _2ddc
_cBKS
949 _AVIRTUAITEM
_D10000
_X100
_6PUR000436904ENG
999 _aVIRTUA40
_c168564
_d168564